000 01851cam a2200397 i 4500
001 EDZ0000989050
003 StDuBDS
005 20161031105257.0
006 m||||||||d||||||||
007 cr |||||||||||
008 141203s2015 cau fo 001|0|eng|d
020 _a9781473910263 (ebook) :
_cNo price
040 _aStDuBDS
_beng
_cStDuBDS
_erda
_epn
049 _aAlfaisal Main Library
050 4 _aLB2322.2
082 0 4 _a378.01
_223
100 1 _aDocherty, Thomas,
_eauthor.
245 1 0 _aUniversities at war /
_cThomas Docherty.
264 1 _aThousand Oaks, California :
_bSAGE Publications,
_c2015.
300 _a1 online resource
336 _atext
_2rdacontent
337 _acomputer
_2rdamedia
338 _aonline resource
_2rdacarrier
500 _aIncludes index.
520 8 _aAn impassioned and controversial exploration of the future of the university. On one side are self-proclaimed modernisers who view the institution as vital to national economic success, its principles of private and personal enrichment necessary conditions of 'progress'. On the other side the university is about extending human possibilities and freedoms, seeking earnestly for social justice, and participating in democracy. This book analyses the former position, and argues for the necessity of taking sides with the latter.
521 _aSpecialized.
588 _aDescription based on online resource; title from home page (viewed on November 13, 2015).
650 0 _aEducation, Higher
_xAims and objectives.
650 0 _aUniversities and colleges.
650 0 _aEducation, Higher
_xPhilosophy.
655 7 _aElectronic books.
_2local
710 2 _aSage eBooks
776 0 8 _iPrint version :
_z9781473907782
856 4 0 _uhttp://ezproxy.alfaisal.edu/login?url=http://sk.sagepub.com/books/universities-at-war
942 _2lcc
_cEBOOKS
999 _c483314
_d483314